000 00758nam a2200241 a 4500
001 44265
003 BD-RjUL
005 20211209053828.0
008 160716s1966 bg ||||| |||| 00| d ben d
020 _c: Tk. 6.00
035 _a(BD-RjUL)44383
040 _aBD-RjUL
_bben
_cBD-RjUL
041 _aben
082 _223
_a891.442
_bFAS 1966
100 _aফজল, আবুল
_9135912
245 1 0 _aস্বয়ম্বরা /
_cআবুল ফজল
250 _a১ম সং.
260 _aঢাকা :
_bমোহাম্মন নাসির আলী,
_c১৯৬৬
300 _a[৬], ২১১ পৃ.
_c১৯ সেমি.
650 _aবাংলা নাটক
_9135913
650 _aBengali Drama
_9135914
942 _2ddc
_cBK
999 _c44265
_d44265